00791nam a2200181Ia 4500003000900000008004100009020002600050040001600076100002900092245011200121260003200233300002000265490003300285856010300318942000700421999001700428952016400445IN-BaIIA211028s9999 xx s 000 0 eng d a9780819487308 (Print) cIIA Library aYin, Shizhuo, ed.932068 0aPhotonic Fiber and Crystal Devices: Advances in Materials and Innovations in Device Applications Vh[eBook] aWashington, USAbSPIEc2011 aOnline resource aProceedings of SPIE; V. 8120 uhttps://www.spiedigitallibrary.org/conference-proceedings-of-spie/8120yClick Here to Access eBook cEB c30891d30891 00104070aBANbBANd2011-07-01eSPIEhV. 8120l0pEB10351r2021-11-05uhttps://www.spiedigitallibrary.org/conference-proceedings-of-spie/8120w2021-11-05yEB